Statistics for Russian Vocabulary 1

Click here to take the quiz!

General Stats

  • This quiz has been taken 101 times
  • The average score is 64 of 81

Answer Stats

QuestionTileSelect% Correct
простоbeefNo
95%
простоcontemporary, modernNo
95%
простоintolerantNo
95%
простоhealtNo
93%
простоsensitiveNo
93%
простоbalancedNo
92%
простоsmart, deftNo
92%
современныйbeefNo
90%
простоfor exampleNo
90%
современныйsimply, justNo
90%
современныйhealtNo
89%
современныйfor exampleNo
88%
современныйintolerantNo
88%
современныйsmart, deftNo
88%
напримерbalancedNo
86%
напримерbeefNo
86%
здоровьеsensitiveNo
86%
современныйbalancedNo
85%
напримерcontemporary, modernNo
85%
говядинаfor exampleNo
85%
здоровьеfor exampleNo
85%
напримерhealtNo
85%
говядинаhealtNo
85%
здоровьеintolerantNo
85%
говядинаsensitiveNo
85%
напримерsensitiveNo
85%
напримерsmart, deftNo
85%
говядинаintolerantNo
84%
здоровьеsmart, deftNo
84%
говядинаsmart, deftNo
84%
говядинаbalancedNo
82%
ловкийcontemporary, modernNo
82%
здоровьеcontemporary, modernNo
82%
напримерintolerantNo
82%
современныйsensitiveNo
82%
здоровьеbalancedNo
81%
здоровьеbeefNo
81%
говядинаcontemporary, modernNo
81%
чувствительныйfor exampleNo
81%
напримерsimply, justNo
81%
здоровьеsimply, justNo
81%
нетерпимыйbeefNo
80%
ловкийfor exampleNo
80%
нетерпимыйfor exampleNo
80%
уравновешенныйhealtNo
80%
уравновешенныйsimply, justNo
80%
говядинаsimply, justNo
80%
чувствительныйsimply, justNo
80%
чувствительныйbeefNo
79%
уравновешенныйbeefNo
79%
уравновешенныйfor exampleNo
79%
чувствительныйhealtNo
79%
ловкийsimply, justNo
79%
простоsimply, justYes
79%
нетерпимыйsimply, justNo
78%
чувствительныйbalancedNo
77%
ловкийbeefNo
77%
нетерпимыйhealtNo
77%
нетерпимыйsmart, deftNo
77%
нетерпимыйcontemporary, modernNo
76%
ловкийhealtNo
76%
чувствительныйintolerantNo
76%
ловкийintolerantNo
76%
уравновешенныйsmart, deftNo
76%
нетерпимыйbalancedNo
75%
чувствительныйcontemporary, modernNo
75%
напримерfor exampleYes
75%
уравновешенныйintolerantNo
74%
уравновешенныйsensitiveNo
74%
чувствительныйsmart, deftNo
74%
ловкийbalancedNo
73%
современныйcontemporary, modernYes
71%
нетерпимыйsensitiveNo
69%
ловкийsensitiveNo
69%
уравновешенныйcontemporary, modernNo
67%
здоровьеhealtYes
65%
чувствительныйsensitiveYes
58%
нетерпимыйintolerantYes
57%
говядинаbeefYes
53%
уравновешенныйbalancedYes
46%
ловкийsmart, deftYes
41%

Score Distribution

Percentile by Number Answered

Percent of People with Each Score

Your Score History

You have not taken this quiz